Score 0/8 Timer 00:30
2 Plays Today
% Correct
Monaco
95.9%
Tottenham Hotspur
94.5%
Manchester United
94.5%
Fulham
94.2%
Bayer Leverkusen
90.2%
PAOK
77%
Kerala Blasters
75.8%
CSKA Sofia
74.1%
Remove Ads.
Support Sporcle.
Get the best of Sporcle when you Go Orange. This ad-free experience offers more features, more stats, and more fun while also helping to support Sporcle. Thank you for becoming a member.

You're not logged in!

Compare scores with friends on all Sporcle quizzes.
OR
Log In

Show Comments

Extras

Top Quizzes Today


Score Distribution

Your Account Isn't Verified!

In order to create a playlist on Sporcle, you need to verify the email address you used during registration. Go to your Sporcle Settings to finish the process.

Report this User

Report this user for behavior that violates our Community Guidelines.

Details: